States That Beat Oregon - Statistics

General Stats
  • This quiz has been taken 56 times
  • The average score is 8 of 10
Answer Stats
Rank Category State(s) % Correct
4 Most democratic west of Illinois Hawaii | California | Washington
98%
4 Most state parks California | New York | Washington
96%
3 With the largest city starting with p Arizona | Pennsylvania
88%
5 With the least sunshine Washington | Vermont | Alaska | New York
87%
3 Most active volcanoes Alaska | California
79%
4 Largest wildfire since 1900 Alaska | Idaho | Montana
77%
3 Most national forests California | Colorado
75%
3 Homeless people per capita New York | Hawaii
73%
3 Most protest attendees per 100,000 people New York | Vermont
63%
2 Shortest river Montana
19%
No matching quizzes found
Score Distribution
Percent of People with Each Score
Percentile by Number Answered
Your Score History
You have not taken this quiz